000 00288nam a22001337a 4500
008 170823b xxu||||| |||| 00| 0 eng d
020 _a0471170526
041 _aeng
080 _a51
100 _a38
101 _aMAT
245 _aELEMENTARY LINEAR ALGEBRA
_cANTON,H
942 _2udc
_cBK
999 _c24620
_d24620